LEADER 00999nam a2200253 u 4500 001 000000057182 003 CaOOAMICUS 005 20070226120544.0 008 010503s1997 ne u000 u eng u 020 $a0792329562 035 $a10886986 040 $aPUL(R)$bita 245 00$aEncyclopedia of Phenomenology /$cLester Embree ... [et al.]. 260 $aDordrecht :$bKluwer Academic Publishers,$c1997. 300 $axiii, 764 p. ;$c29 cm 650 4$aFenomenologia.$0(OLS)http://pul/subject/1230 700 1 $aEmbree, Lester.$0(OLS)http://pul/name/40004 850 $aPUL 852 $aPUL$W1$xSL Cons. Gen., Altre Classi 1$y1$m2015.C$j11734$nBK-PRI$b $qStampati$B74853$CPULBib$Z2$F74853 $H $81 941 1 $a8 961 $aINV: 77689 996 $6020$a0792329562$9(OLS)http://pul/number/72215 996 $6245$aEncyclopedia of Phenomenology$9(OLS)http://pul/title/76549 996 $6260$aDordrecht :$bKluwer Academic Publishers$9(OLS)http://pul/publisher/64503 LEADER 01545nam a2200325 u 4500 001 000000079384 003 CaOOAMICUS 005 20070226123531.0 008 040601s2003 it u000 u ita u 020 $a8834831950 035 $a10997418 040 $aPUL$bita 100 1 $aBonnet, Piero Antonio.$0(OLS)http://pul/name/2831 245 10$aAnnotazioni su la consuetudine canonica /$cPiero Antonio Bonnet. 260 $aTorino :$bGiappichelli,$cc2003. 300 $a109 p. ;$c23 cm 490 1 $aCollana di studi di diritto canonico ed ecclesiastico.$aSezione canonistica ;$v33 500 $aIndici : p. 105-109. 504 $aBibliografia in nota. 650 4$aDiritto canonico$xCritica e interpretazione.$0(OLS)http://pul/subject/2587 650 4$aConsuetudine (diritto).$0(OLS)http://pul/subject/22672 830 0$aCollana di studi di diritto canonico ed ecclesiastico.$pSezione canonistica ;$v33.$0(OLS)http://pul/title/11570 850 $aPUL 852 $aPUL$W1$xSL Diritto Canonico 3$y77$m262. 99 CAN.7 1.1.33$j101593$nBK-PRI$b $qDDC 21$B101593$CPULBib$Z2$F101593 $H94706 $82 852 $aPUL$W1$xDP1 Fondo G. Barberini$y122$m3 C 56.33$j176414$nBK-PRI$b 2 copia$qFondi$B178880$CPULBib$Z2$F178880 $HBar1168 $81 941 1 $a9 941 1 $a1 996 $6020$a8834831950$9(OLS)http://pul/number/104337 996 $6245$aAnnotazioni su la consuetudine canonica$9(OLS)http://pul/title/103952 996 $6260$aTorino :$bGiappichelli$9(OLS)http://pul/publisher/48244